[Event "Eastern Asia-ch U20"]
[Site "Kota Kinabalu"]
[Date "2023.12.07"]
[Round "8"]
[White "Aminuddin, Muhd Faqih"]
[Black "Romualdez, Danry Seth"]
[Result "1-0"]
[WhiteElo "1762"]
[BlackElo "1189"]
[PlyCount "67"]
[EventDate "2023.12.02"]
[EventType "swiss"]
[EventRounds "9"]
[EventCountry "MAS"]
[SourceTitle "CB50_2023"]
[SourceDate "2023.12.13"]
[SourceVersion "1"]
[SourceVersionDate "2023.12.13"]
[SourceQuality "1"]

1. Nf3 c5 2. c4 g6 3. g3 Bg7 4. Bg2 e6 5. Nc3 Nc6 6. d4 cxd4 7. Nb5 d5 8. cxd5 exd5 9. 0-0 a6 10. Nbxd4 Nge7 11. Be3 0-0 12. Rc1 Nxd4 13. Nxd4 Bd7 14. Qb3 b5 15. Rfd1 Be6 16. Nxe6 fxe6 17. Bc5 Rf7 18. Bh3 Kh8 19. Bxe6 Rf6 20. Bxd5 Nxd5 21. Rxd5 Qe8 22. Bd4 Rf7 23. Bxg7+ Kxg7 24. Qd3 Qe6 25. e4 Raf8 26. Rc2 Qh3 27. Qd4+ Kg8 28. Rd8 h5 29. Rxf8+ Rxf8 30. Rc7 Rf7 31. Qd5 Kh8 32. Qxf7 Qd7 33. Qf8+ Kh7 34. Rxd7# 1-0

[Event "World Cup U18 Prel"]
[Site "Tornelo INT"]
[Date "2021.08.20"]
[Round "10"]
[White "Aminuddin, Muhd Faqih"]
[Black "Manafov, Vugar Gulam"]
[Result "0-1"]
[WhiteElo "1597"]
[BlackElo "2236"]
[PlyCount "70"]
[EventDate "2021.08.16"]
[EventType "swiss (rapid)"]
[EventRounds "10"]
[EventCountry "NET"]
[SourceTitle "CBM 203 Extra"]
[Source "ChessBase"]
[SourceDate "2021.09.30"]
[SourceVersion "1"]
[SourceVersionDate "2021.09.30"]
[SourceQuality "1"]

1. Nf3 d5 2. c4 e6 3. g3 Nf6 4. Bg2 dxc4 5. Qa4+ Nbd7 6. Qxc4 a6 7. Qc2 c5 8. d3 b5 9. a4 Bb7 10. 0-0 Be7 11. Nc3 Qb6 12. e4 0-0 13. h3 Rfc8 14. Be3 Bc6 15. axb5 axb5 16. b4 Qd8 17. Rxa8 Bxa8 18. Nxb5 cxb4 19. Qb1 Qa5 20. Nbd4 Nc5 21. Rc1 Bb7 22. Nd2 Qa3 23. Bf1 Ncd7 24. Nc4 Qa6 25. Qb2 Ra8 26. Rb1 Bc6 27. Nc2 Rb8 28. Ra1 Qc8 29. Nd4 Nc5 30. Nxc6 Qxc6 31. Bg2 h5 32. Rd1 b3 33. f3 h4 34. d4 Na4 35. Qe2 Nc3 0-1

[Event "World Cup U18 Prel"]
[Site "Tornelo INT"]
[Date "2021.08.18"]
[Round "5"]
[White "Fischer, Daniel1111"]
[Black "Aminuddin, Muhd Faqih"]
[Result "0-1"]
[WhiteElo "2296"]
[BlackElo "1597"]
[PlyCount "68"]
[EventDate "2021.08.16"]
[EventType "swiss (rapid)"]
[EventRounds "10"]
[EventCountry "NET"]
[SourceTitle "CBM 203 Extra"]
[Source "ChessBase"]
[SourceDate "2021.09.30"]
[SourceVersion "1"]
[SourceVersionDate "2021.09.30"]
[SourceQuality "1"]

1. e4 c5 2. Nf3 Nc6 3. d4 cxd4 4. Nxd4 Nf6 5. Nc3 e5 6. Ndb5 d6 7. Bg5 a6 8. Na3 b5 9. Nd5 Be7 10. Bxf6 Bxf6 11. c4 b4 12. Nc2 a5 13. Qf3 Be6 14. Rd1 a4 15. Nxf6+ gxf6 16. Be2 b3 17. axb3 Rb8 18. bxa4 Rxb2 19. Qc3 Qa5 20. Qxa5 Nxa5 21. Ne3 Ke7 22. 0-0 Rxe2 23. Rb1 Rc8 24. Rfc1 Nxc4 25. Rb7+ Ke8 26. Nf5 Bxf5 27. exf5 d5 28. h3 Ra2 29. Ra7 d4 30. Rb1 Nd6 31. Rb6 Rd8 32. Kf1 d3 33. Rb1 d2 34. Ke2 Ne4 0-1

[Event "World Cup U18 Prel"]
[Site "Tornelo INT"]
[Date "2021.08.17"]
[Round "4"]
[White "Wang, Justin"]
[Black "Aminuddin, Muhd Faqih"]
[Result "1-0"]
[WhiteElo "2456"]
[BlackElo "1597"]
[PlyCount "61"]
[EventDate "2021.08.16"]
[EventType "swiss (rapid)"]
[EventRounds "10"]
[EventCountry "NET"]
[SourceTitle "CBM 203 Extra"]
[Source "ChessBase"]
[SourceDate "2021.09.30"]
[SourceVersion "1"]
[SourceVersionDate "2021.09.30"]
[SourceQuality "1"]

1. d4 Nf6 2. c4 g6 3. Nc3 d5 4. cxd5 Nxd5 5. e4 Nxc3 6. bxc3 Bg7 7. Be3 c5 8. Qd2 cxd4 9. cxd4 Nc6 10. Rd1 0-0 11. Nf3 Bg4 12. Be2 Bxf3 13. Bxf3 e5 14. d5 Nd4 15. Bxd4 exd4 16. 0-0 Rc8 17. Rfe1 Qd6 18. g3 Rc3 19. Be2 Rfc8 20. Bd3 Qc5 21. Qe2 a6 22. a4 Ra3 23. Ra1 Rxa1 24. Rxa1 Qc3 25. Rb1 b5 26. axb5 axb5 27. Rxb5 Qa1+ 28. Kg2 Re8 29. d6 Qa7 30. Rd5 Qd7 31. Bb5 1-0

[Event "World Cup U18 Prel"]
[Site "Tornelo INT"]
[Date "2021.08.16"]
[Round "2"]
[White "Escartin Lacasa, Jose"]
[Black "Aminuddin, Muhd Faqih"]
[Result "0-1"]
[WhiteElo "2253"]
[BlackElo "1597"]
[PlyCount "96"]
[EventDate "2021.08.16"]
[EventType "swiss (rapid)"]
[EventRounds "10"]
[EventCountry "NET"]
[SourceTitle "CBM 203 Extra"]
[Source "ChessBase"]
[SourceDate "2021.09.30"]
[SourceVersion "1"]
[SourceVersionDate "2021.09.30"]
[SourceQuality "1"]

1. d4 Nf6 2. Nf3 d5 3. c4 c6 4. e3 a6 5. Bd3 g6 6. 0-0 Bg7 7. b3 Bg4 8. h3 Bxf3 9. Qxf3 0-0 10. Rd1 Nbd7 11. Nc3 e6 12. Ba3 Re8 13. Bd6 Nb6 14. c5 Nc8 15. Be5 Nd7 16. Bxg7 Kxg7 17. e4 Qf6 18. Qxf6+ Nxf6 19. e5 Nd7 20. b4 a5 21. b5 Ne7 22. Rab1 Reb8 23. Rb3 h6 24. Rdb1 g5 25. bxc6 bxc6 26. Rb7 Rxb7 27. Rxb7 Rd8 28. Ra7 f6 29. exf6+ Kxf6 30. Na4 e5 31. dxe5+ Nxe5 32. Be2 d4 33. Rxa5 Nd5 34. Nb2 Nf4 35. Kf1 d3 36. Bd1 d2 37. Ra4 Ned3 38. Nxd3 Nxd3 39. Ra6 Re8 40. Rxc6+ Kg7 41. Rc7+ Kf8 42. g3 Re1+ 43. Kg2 Rxd1 44. Rd7 Rg1+ 45. Kxg1 d1Q+ 46. Kh2 Qe2 47. Rxd3 Qxd3 48. Kg2 Qc4 0-1

[Event "Penang op-B 11th"]
[Site "Penang"]
[Date "2019.12.14"]
[Round "9"]
[White "Hisham, Nik Emer"]
[Black "Aminuddin, Muhd Faqih"]
[Result "1/2-1/2"]
[WhiteElo "1575"]
[BlackElo "1696"]
[PlyCount "83"]
[EventDate "2019.12.09"]
[EventType "swiss"]
[EventRounds "9"]
[EventCountry "MAS"]
[SourceTitle "CBM 193 Extra"]
[Source "ChessBase"]
[SourceDate "2020.01.31"]
[SourceVersion "1"]
[SourceVersionDate "2020.01.31"]
[SourceQuality "1"]

1. e4 d5 2. exd5 Nf6 3. Nf3 Bg4 4. Be2 Qxd5 5. d4 Nc6 6. 0-0 0-0-0 7. Be3 Qf5 8. Nbd2 e5 9. dxe5 Nxe5 10. Nxe5 Bxe2 11. Qxe2 Qxe5 12. Nc4 Qe4 13. Rfe1 a6 14. Rad1 Rxd1 15. Rxd1 Nd5 16. Qd2 Qxc4 17. Qxd5 Qxd5 18. Rxd5 Be7 19. Kf1 Bf6 20. b3 Re8 21. Ke2 c6 22. Rd3 Bg5 23. Kd2 Bxe3+ 24. Rxe3 Rxe3 25. Kxe3 Kd7 26. Kd4 Kd6 27. c4 c5+ 28. Ke4 Ke6 29. f4 f5+ 30. Ke3 b6 31. a3 h6 32. g3 g6 33. h3 Kf6 34. Kf3 h5 35. h4 Ke6 36. Ke3 Kd6 37. Kd3 b5 38. a4 Kc6 39. Kc3 Kb6 40. Kb2 bxa4 41. bxa4 Ka5 42. Ka3 1/2-1/2